000 00518nam a2200193Ia 4500
005 20260120132213.0
008 008 260114s9999 xx 000 0 eng d
020 _a9781383023626
037 _aEBOOK
040 _aCRL
_beng
_cCRL
041 _aeng
_2eng
084 _qCRL
100 _aGodambe
_9936198
245 0 _aEstimating Functions
260 _bOxford University PressOxford University Press
_c2023
856 _uhttps://academic.oup.com/book/54028
942 _cEBOOK
999 _c1528121
_d1528121